<?xml version="1.0" encoding="UTF-8"?><?xml-stylesheet type="text/xsl" href="static/style.xsl"?><OAI-PMH xmlns="http://www.openarchives.org/OAI/2.0/" xmlns:xsi="http://www.w3.org/2001/XMLSchema-instance" xsi:schemaLocation="http://www.openarchives.org/OAI/2.0/ http://www.openarchives.org/OAI/2.0/OAI-PMH.xsd"><responseDate>2026-04-13T01:58:31Z</responseDate><request verb="GetRecord" identifier="oai:www.recercat.cat:2117/90929" metadataPrefix="marc">https://recercat.cat/oai/request</request><GetRecord><record><header><identifier>oai:recercat.cat:2117/90929</identifier><datestamp>2026-01-23T05:09:39Z</datestamp><setSpec>com_2072_1033</setSpec><setSpec>col_2072_452950</setSpec></header><metadata><record xmlns="http://www.loc.gov/MARC21/slim" xmlns:dcterms="http://purl.org/dc/terms/" xmlns:xsi="http://www.w3.org/2001/XMLSchema-instance" xmlns:doc="http://www.lyncode.com/xoai" xsi:schemaLocation="http://www.loc.gov/MARC21/slim http://www.loc.gov/standards/marcxml/schema/MARC21slim.xsd">
   <leader>00925njm 22002777a 4500</leader>
   <datafield ind2=" " ind1=" " tag="042">
      <subfield code="a">dc</subfield>
   </datafield>
   <datafield ind2=" " ind1=" " tag="720">
      <subfield code="a">Pallara, Chiara</subfield>
      <subfield code="e">author</subfield>
   </datafield>
   <datafield ind2=" " ind1=" " tag="720">
      <subfield code="a">Jiménez-García, Brian</subfield>
      <subfield code="e">author</subfield>
   </datafield>
   <datafield ind2=" " ind1=" " tag="720">
      <subfield code="a">Romero, Miguel</subfield>
      <subfield code="e">author</subfield>
   </datafield>
   <datafield ind2=" " ind1=" " tag="720">
      <subfield code="a">Moal, Iain H.</subfield>
      <subfield code="e">author</subfield>
   </datafield>
   <datafield ind2=" " ind1=" " tag="720">
      <subfield code="a">Fernández-Recio, Juan</subfield>
      <subfield code="e">author</subfield>
   </datafield>
   <datafield ind2=" " ind1=" " tag="260">
      <subfield code="c">2016-10-04</subfield>
   </datafield>
   <datafield ind2=" " ind1=" " tag="520">
      <subfield code="a">The 6th CAPRI edition included new modelling challenges, such as the prediction of protein-peptide complexes, and the modelling of homo-oligomers and domain-domain interactions as part of the first joint CASP-CAPRI experiment. Other non-standard targets included the prediction of interfacial water positions and the modelling of the interactions between proteins and nucleic acids. We have participated in all proposed targets of this CAPRI edition both as predictors and as scorers, with new protocols to efficiently use our docking and scoring scheme pyDock in a large variety of scenarios. In addition, we have participated for the first time in the server section, with our recently developed webserver, pyDockWeb. Excluding the CASP-CAPRI cases, we submitted acceptable models (or better) for 7 out of the 18 evaluated targets as predictors, 4 out of the 11 targets as scorers, and 6 out of the 18 targets as servers. The overall success rates were below those in past CAPRI editions. This shows the challenging nature of this last edition, with many difficult targets for which no participant submitted a single acceptable model. Interestingly, we submitted acceptable models for 83% of the evaluated protein-peptide targets. As for the 25 cases of the CASP-CAPRI experiment, in which we used a larger variety of modelling techniques (template-based, symmetry restraints, literature information, etc.), we submitted acceptable models for 56% of the targets. In summary, this CAPRI edition showed that pyDock scheme can be efficiently adapted to the increasing variety of problems that the protein interactions field is currently facing. This article is protected by copyright. All rights reserved.</subfield>
   </datafield>
   <datafield ind2=" " ind1=" " tag="520">
      <subfield code="a">Peer Reviewed</subfield>
   </datafield>
   <datafield ind2=" " ind1=" " tag="520">
      <subfield code="a">Postprint (author's final draft)</subfield>
   </datafield>
   <datafield tag="653" ind2=" " ind1=" ">
      <subfield code="a">Àrees temàtiques de la UPC::Enginyeria biomèdica</subfield>
   </datafield>
   <datafield tag="653" ind2=" " ind1=" ">
      <subfield code="a">Proteins</subfield>
   </datafield>
   <datafield tag="653" ind2=" " ind1=" ">
      <subfield code="a">Complex structure</subfield>
   </datafield>
   <datafield tag="653" ind2=" " ind1=" ">
      <subfield code="a">CAPRI</subfield>
   </datafield>
   <datafield tag="653" ind2=" " ind1=" ">
      <subfield code="a">Protein-protein docking</subfield>
   </datafield>
   <datafield tag="653" ind2=" " ind1=" ">
      <subfield code="a">pyDock</subfield>
   </datafield>
   <datafield tag="653" ind2=" " ind1=" ">
      <subfield code="a">Protein-peptide interactions</subfield>
   </datafield>
   <datafield tag="653" ind2=" " ind1=" ">
      <subfield code="a">Proteïnes--Investigació</subfield>
   </datafield>
   <datafield ind2="0" ind1="0" tag="245">
      <subfield code="a">pyDock scoring for the new modeling challenges in docking: protein-peptide, homo-multimers and domain-domain interactions</subfield>
   </datafield>
</record></metadata></record></GetRecord></OAI-PMH>